000
00245 a2200097 4500
245
_a
Handbook of the federation of Nyasaland and Rhodesia
_h
Text
100
_a
W.V Brelsford
650
_a
History
005
20191021095748.0
260
_b
Cassell company
_c
1960
084
_a
NONE
999
_c
12644
_d
12644